| 000 | 01199cam a2200337 4500 | ||
|---|---|---|---|
| 008 | 000000n1999 000 0 eng u | ||
| 020 | _a0582369096 | ||
| 035 | _a(Sirsi) u100113 | ||
| 041 | _aENG | ||
| 050 | _a690.23 | ||
| 100 | _aAshworth, Allan | ||
| 245 | _aCost studies of buildings. | ||
| 250 | _a3rd | ||
| 260 |
_aHarlow _bLongman _c1999 |
||
| 300 | _axviii, 445p. ; 23cm. | ||
| 350 | _a19.99 | ||
| 520 | _aThis is the third edition and has been extensively revised. It examines the costs of buildings and the ways in which costs can be forecast, monitored, controlled and evaluated. It reflects the changing emphasis in the construction industry to whole life costing and includes new chapters, learning objectives and self-assessment questions. | ||
| 650 | _aBUILT ENVIRONMENT-BUILDING COSTS | ||
| 650 | _aBUILDING INDUSTRY | ||
| 650 | _aCONSTRUCTION INDUSTRY | ||
| 650 | _aCOST ANALYSIS | ||
| 650 | _aCOST INDICES | ||
| 650 | _aCOST CONTROL | ||
| 650 | _aCOST INDICES | ||
| 650 | _aCOST MODELLING | ||
| 650 | _aDEVELOPMENT APPRAISAL | ||
| 650 | _aESTIMATING | ||
| 650 | _aLIFE CYCLE COSTING | ||
| 690 | _aBUILDING AND CONSTRUCTION-ECONOMICS | ||
| 942 | _n0 | ||
| 999 |
_c99600 _d99600 |
||